MARC details
| 000 -CABECERA |
| campo de control de longitud fija |
01679nam a2200301 a 4500 |
| 001 - NÚMERO DE CONTROL |
| campo de control |
000004148 |
| 003 - IDENTIFICADOR DEL NÚMERO DE CONTROL |
| campo de control |
DO-SdBNP |
| 005 - FECHA Y HORA DE LA ÚLTIMA TRANSACCIÓN |
| campo de control |
20240925174100.0 |
| 007 - CAMPO FIJO DE DESCRIPCIÓN FÍSICA--INFORMACIÓN GENERAL |
| campo de control de longitud fija |
ta |
| 008 - DATOS DE LONGITUD FIJA--INFORMACIÓN GENERAL |
| campo de control de longitud fija |
090717e2006 dr ao gr 001 0dspa d |
| 020 ## - NÚMERO INTERNACIONAL ESTÁNDAR DEL LIBRO |
| Número Internacional Estándar del Libro |
999342708X |
| 040 ## - FUENTE DE LA CATALOGACIÓN |
| Centro catalogador/agencia de origen |
DO-SdBNP |
| Lengua de catalogación |
spa |
| Centro/agencia transcriptor |
BNPHU |
| 082 #4 - NÚMERO DE LA CLASIFICACIÓN DECIMAL DEWEY |
| Número de clasificación |
972.93054 |
| Número de documento/Ítem |
V422p |
| Número de edición |
22 |
| 100 1# - ENTRADA PRINCIPAL--NOMBRE DE PERSONA |
| Nombre de persona |
Vega, Bernardo, |
| Fechas asociadas al nombre |
1938 - |
| 9 (RLIN) |
3222 |
| 245 13 - MENCIÓN DE TÍTULO |
| Título |
El peligro comunista en la revolución de abril : |
| Resto del título |
¿mito o realidad? / |
| Mención de responsabilidad, etc. |
Bernardo Vega. |
| 260 ## - PUBLICACIÓN, DISTRIBUCIÓN, ETC. |
| Lugar de publicación, distribución, etc. |
Santo Domingo : |
| Nombre del editor, distribuidor, etc. |
Fundación Cultural Dominicana, |
| Fecha de publicación, distribución, etc. |
2006. |
| 300 ## - DESCRIPCIÓN FÍSICA |
| Extensión |
373 p. : |
| Otras características físicas |
il., fots. ; |
| Dimensiones |
27 cm. |
| 500 ## - NOTA GENERAL |
| Nota general |
Incluye índice onomástico |
| 500 ## - NOTA GENERAL |
| Nota general |
Incluye datos biográficos del autor en la solapa de la cubierta |
| 500 ## - NOTA GENERAL |
| Nota general |
Incluye referencias bibliográficas y notas al pie de las páginas. |
| 504 ## - NOTA DE BIBLIOGRAFÍA, ETC. |
| Nota de bibliografía, etc. |
Bibliografía : p. 343-347 |
| 505 ## - NOTA DE CONTENIDO CON FORMATO |
| Nota de contenido con formato |
Introducción-- |
| Información miscelánea |
Capítulo 1-- |
| Título |
Previo a la revolución de abril-- |
| Información miscelánea |
Capítulo 2-- |
| Título |
24 25 de abril de 1965. El inicio de la Guerra Civil-- |
| Información miscelánea |
Capítulo 3-- |
| Título |
25 de abril de 1965. El día que Washington ordenó la evacuación de civiles-- |
| Información miscelánea |
Capítulo 4-- |
| Título |
27 de abril de 1965. El día de la gran derrota-- |
| Información miscelánea |
Capítulo 5-- |
| Título |
28 de abril de 1965. El día que se ordenó el desembarco de las tropas que estaban en los barcos-- |
| Información miscelánea |
Capítulo 6-- |
| Título |
29 de abril. El día que se ordenó el envío de las tropas aerotransportada-- |
| Información miscelánea |
Capítulo 7-- |
| Título |
Dudas y luego propagandas-- |
| Información miscelánea |
Capítulo 8-- |
| Título |
Conclusiones-- |
| -- |
Notas-- |
| -- |
Bibliografías-- |
| -- |
Anexos. |
| 590 ## - NOTA LOCAL (RLIN) |
| Nota local |
Inventariado 2022 / MF |
| 650 #4 - PUNTO DE ACCESO ADICIONAL DE MATERIA--TÉRMINO DE MATERIA |
| Término de materia o nombre geográfico como elemento de entrada |
Comunismo |
| 9 (RLIN) |
2880 |
| 651 #4 - PUNTO DE ACCESO ADICIONAL DE MATERIA--NOMBRE GEOGRÁFICO |
| Nombre geográfico |
República Dominicana |
| Subdivisión general |
Historia |
| Subdivisión cronológica |
Revolución, 1965 |
| 9 (RLIN) |
2167 |
| 910 ## - DATOS DE OPCIÓN DEL USUARIO (OCLC) |
| Datos de opción del usuario |
MFeliz/Valdado. Control de calidad MFF |
| 942 ## - ELEMENTOS DE PUNTO DE ACCESO ADICIONAL (KOHA) |
| Fuente del sistema de clasificación o colocación |
Dewey Decimal Classification |
| Tipo de ítem Koha |
Libro |